000 00584nam a2200205 4500
001 136145
003 ES-MaACL
005 20230906195039.0
007 t|
008 070214s1985 sp r ||||1| spa d
100 1 _aRuiz Rico, Juan José.
_9100907
245 1 0 _aNocturno de febrero junto al Bósforo /
_cJuan J. Ruiz Rico.
250 _a1ª ed.
260 _a[S. l.] :
_bEd. Regional de Extremadura,
_c1985.
300 _a127 p. ;
_c21 cm.
490 1 _aNarrativa ;
_v5
830 0 _aNarrativa ;
_v5
_9177839
852 _aES-MaACL
_jL-11132
_bR.108730
999 _c136145
_d136145